Spell the Marvel Hero #48 - Statistics

General Stats
  • This quiz has been taken 15 times
  • The average score is 10 of 12
Answer Stats
Picture Answer % Correct
Ant-Man
100%
Captain America
100%
War Machine
100%
Domino
93%
Okoye
93%
Adam Warlock
87%
Armor
87%
Kitty Pryde
87%
Magik
87%
Aero
80%
Legacy (Genis-Vell)
73%
Rictor
60%
No matching quizzes found
Score Distribution
Percent of People with Each Score
Percentile by Number Answered
Your Score History
You have not taken this quiz